| 000 | 00945ngm a22003010a 4500 | ||
|---|---|---|---|
| 001 | PT27136 | ||
| 003 | AR-LpoUNG | ||
| 005 | 20210201232253.0 | ||
| 007 | co ||u|||uuuuu | ||
| 008 | 191001s2003||||xxu|||||||||||||||||eng d | ||
| 020 |
_a0471406724 _c$100 |
||
| 040 |
_aAR-LpoUNG _bspa _cAR-LpoUNG _eaacr |
||
| 041 | _aeng | ||
| 044 | _axxu | ||
| 082 | 0 | _a005.3 454win | |
| 100 | 1 | _aChang, Yih-Long | |
| 245 | 1 | 0 | _aWinqsb version 2.0 |
| 260 |
_aNew York : _bJohn Wiley & Sons, _c2003. |
||
| 520 | _aEste software es un sistema de ayuda interactivo de decisión que ofrece un arsenal de herramientas de gran alcance para ayudar a solucionar problemas y a tomar decisiones económicas acertadas. Para Windows 95, 98 y 2000. | ||
| 650 | 4 | _aCOMPUTACION | |
| 650 | 4 | _aINFORMATICA | |
| 650 | 4 | _aMANUALES | |
| 650 | 4 | _aPROGRAMAS DE COMPUTADORA | |
| 700 | 1 | _aDesai, Kiran | |
| 700 | 1 | _aKratzer, Thomas | |
| 905 | _a27136 | ||
| 942 | _cCDDVD | ||
| 999 |
_c53202 _d53202 |
||